Избранные произведения (Запись № 7078788)

Подробности
000 -МАРКЕР
контрольное поле 01056nam1a22002531 4500
001 - ИДЕНТИФИКАТОР ЗАПИСИ
контрольное поле rc\3000066
005 - ИДЕНТИФИКАТОР ВЕРСИИ
контрольное поле 20110920095534.7
035 ## - ДРУГИЕ СИСТЕМНЫЕ НОМЕРА
Идентификатор записи (NLR Aleph) 007143423
100 ## - ДАННЫЕ ОБЩЕЙ ОБРАБОТКИ
Данные общей обработки 20110920d1936 |||y0rusy50 ca
101 0# - ЯЗЫК РЕСУРСА
Язык текста, звукозаписи и т.д. русский
102 ## - СТРАНА ПУБЛИКАЦИИ ИЛИ ПРОИЗВОДСТВА
Страна публикации Российская Федерация
105 ## - ПОЛЕ КОДИРОВАННЫХ ДАННЫХ: ТЕКСТОВЫЕ МАТЕРИАЛЫ, МОНОГРАФИЧЕСКИЕ
Кодированные данные о монографическом текстовом документе y z |||||
200 1# - ЗАГЛАВИЕ И СВЕДЕНИЯ ОБ ОТВЕТСТВЕННОСТИ
Основное заглавие Избранные произведения
Сведения, относящиеся к заглавию В 2 томах. Т. 1-
Первые сведения об ответственности В.И. Ленин
Последующие сведения об ответственности Под общ. ред. В.В. Адоратского, В.Г. Сорина [и др.]
-- Ин-т Маркса-Энгельса-Ленина при ЦК ВКП(б)
210 ## - ПУБЛИКАЦИЯ, РАСПРОСТРАНЕНИЕ И ДР.
Место издания, распространения и т.д. [Москва]
Имя издателя, распространителя и т. д. Партиздат
Дата издания, распространения и т.д. 1936
Имя изготовителя ф-ка книги "Кр. пролетарий"
215 ## - ФИЗИЧЕСКАЯ ХАРАКТЕРИСТИКА
Размеры 23х15 см
700 #1 - ИМЯ ЛИЦА - ПЕРВИЧНАЯ ОТВЕТСТВЕННОСТЬ
Начальный элемент ввода Ленин
Часть имени, кроме начального элемента ввода В. И.
Даты 1870-1924
Расширение инициалов личного имени Владимир Ильич
702 #1 - ИМЯ ЛИЦА - ВТОРИЧНАЯ ОТВЕТСТВЕННОСТЬ
Начальный элемент ввода Адоратский
Часть имени, кроме начального элемента ввода В. В.
Даты 1878-1945
Расширение инициалов личного имени Владимир Викторович
Идентификатор авторитетной/нормативной записи RU\NLR\AUTH\770133283
Код отношения Редактор
702 #1 - ИМЯ ЛИЦА - ВТОРИЧНАЯ ОТВЕТСТВЕННОСТЬ
Начальный элемент ввода Сорин
Часть имени, кроме начального элемента ввода В. Г.
Код отношения Редактор
801 #0 - ИСТОЧНИК ЗАПИСИ
Страна Российская Федерация
Организация NLR
Правила каталогизации psbo
801 #1 - ИСТОЧНИК ЗАПИСИ
Страна Российская Федерация
Организация ELAR
Источник данных rusmarc
852 ## - МЕСТОНАХОЖДЕНИЕ И ШИФР ХРАНЕНИЯ
Идентификатор организации NLR
Наименование фонда или коллекции (Sub-Location Identifier) Л
Шифр хранения (Call Number) 1-И/5(1-10)
942 ## - ДОПОЛНИТЕЛЬНЫЕ ЭЛЕМЕНТЫ ЗАПИСИ (АБИС)
Тип экземпляра АБИС Книга
980 ## - КОЛЛЕКЦИЯ
Название коллекции Национальная библиография

Нет доступных экземпляров.